Skillful grace : (Record no. 458)
[ view plain ]
| 000 -LEADER | |
|---|---|
| fixed length control field | 01507cam a2200409 a 4500 |
| 001 - CONTROL NUMBER | |
| control field | 15761722 |
| 003 - CONTROL NUMBER IDENTIFIER | |
| control field | OSt |
| 005 - DATE AND TIME OF LATEST TRANSACTION | |
| control field | 20240323121841.0 |
| 008 - FIXED-LENGTH DATA ELEMENTS--GENERAL INFORMATION | |
| fixed length control field | 090603s2007 cc a b 000 0 eng |
| 010 ## - LIBRARY OF CONGRESS CONTROL NUMBER | |
| LC control number | 2009455122 |
| 015 ## - NATIONAL BIBLIOGRAPHY NUMBER | |
| National bibliography number | GBA773653 |
| Source | bnb |
| 016 7# - NATIONAL BIBLIOGRAPHIC AGENCY CONTROL NUMBER | |
| Record control number | 013889365 |
| Source | Uk |
| 020 ## - INTERNATIONAL STANDARD BOOK NUMBER | |
| International Standard Book Number | 9789627341611 (pbk.) |
| 020 ## - INTERNATIONAL STANDARD BOOK NUMBER | |
| International Standard Book Number | 9627341614 (pbk.) |
| 035 ## - SYSTEM CONTROL NUMBER | |
| System control number | (OCoLC)ocn171564937 |
| 040 ## - CATALOGING SOURCE | |
| Original cataloging agency | UKM |
| Transcribing agency | UKM |
| Modifying agency | BTCTA |
| -- | BAKER |
| -- | DLC |
| 042 ## - AUTHENTICATION CODE | |
| Authentication code | ukblcatcopy |
| -- | lccopycat |
| 050 00 - LIBRARY OF CONGRESS CALL NUMBER | |
| Classification number | BQ4710.T3 |
| Item number | U74 2007 |
| 082 04 - DEWEY DECIMAL CLASSIFICATION NUMBER | |
| Classification number | 294.34435 |
| Edition number | 22 |
| 100 0# - MAIN ENTRY--PERSONAL NAME | |
| Personal name | Urgyen, |
| Titles and words associated with a name | Tulku, Rinpoche, |
| Relator term | author. |
| 245 10 - TITLE STATEMENT | |
| Title | Skillful grace : |
| Remainder of title | Tara practice for our times / |
| Statement of responsibility, etc. | Tulku Urgyen Rinpoche & Trulshik Adeu Rinpoche ; translated and edited by Marcia Binder Schmidt & Erik Pema Kunsang. |
| 264 ## - PRODUCTION, PUBLICATION, DISTRIBUTION, MANUFACTURE, AND COPYRIGHT NOTICE | |
| Place of production, publication, distribution, manufacture | Hong Kong : |
| Name of producer, publisher, distributor, manufacturer | Rangjung Yeshe, |
| Date of production, publication, distribution, manufacture, or copyright notice | 2007. |
| 300 ## - PHYSICAL DESCRIPTION | |
| Extent | 184 pages : |
| Other physical details | ill. ; |
| Dimensions | 22 cm. |
| 336 ## - CONTENT TYPE | |
| Source | rdacontent |
| Content type term | text |
| Content type code | txt |
| 337 ## - MEDIA TYPE | |
| Source | rdamedia |
| Media type term | unmediated |
| Media type code | n |
| 338 ## - CARRIER TYPE | |
| Source | rdacarrier |
| Carrier type term | volume |
| Carrier type code | nc |
| 504 ## - BIBLIOGRAPHY, ETC. NOTE | |
| Bibliography, etc. note | Includes bibliographical references. |
| 600 00 - SUBJECT ADDED ENTRY--PERSONAL NAME | |
| Personal name | Tārā |
| Titles and other words associated with a name | (Buddhist deity) |
| 650 #0 - SUBJECT ADDED ENTRY--TOPICAL TERM | |
| Topical term or geographic name entry element | Tantric Buddhism. |
| 650 #0 - SUBJECT ADDED ENTRY--TOPICAL TERM | |
| Topical term or geographic name entry element | Meditation |
| General subdivision | Buddhism. |
| 700 0# - ADDED ENTRY--PERSONAL NAME | |
| Personal name | Adeu, |
| Titles and other words associated with a name | Rinpoche, |
| Relator term | author. |
| 700 1# - ADDED ENTRY--PERSONAL NAME | |
| Personal name | Schmidt, Marcia Binder, |
| Relator term | translator, |
| -- | editor. |
| 700 1# - ADDED ENTRY--PERSONAL NAME | |
| Personal name | Kunsang, Erik Pema, |
| Relator term | translator, |
| Dates associated with a name | editor. |
| 906 ## - LOCAL DATA ELEMENT F, LDF (RLIN) | |
| a | 7 |
| b | cbc |
| c | copycat |
| d | 3 |
| e | ncip |
| f | 20 |
| g | y-gencatlg |
| 942 ## - ADDED ENTRY ELEMENTS (KOHA) | |
| Koha item type | Book |
| Suppress in OPAC | No |
| Withdrawn status | Lost status | Source of classification or shelving scheme | Damaged status | Not for loan | Collection | Home library | Current library | Shelving location | Date acquired | Total checkouts | Total renewals | Full call number | Barcode | Date due | Date last seen | Date last checked out | Price effective from | Koha item type |
|---|---|---|---|---|---|---|---|---|---|---|---|---|---|---|---|---|---|---|
| Lindholme Classification Scheme | Vajrayana | Lindholme Hall Library | Lindholme Hall Library | General stacks | 23/03/2024 | 2 | 1 | 553.2 URG | 2400385 | 10/05/2026 | 09/01/2026 | 09/01/2026 | 23/03/2024 | Book | ||||
| Lindholme Classification Scheme | Vajrayana | Lindholme Hall Library | Lindholme Hall Library | General stacks | 23/03/2024 | 553.2 URG | 2405742 | 13/07/2024 | 23/03/2024 | Book | ||||||||
| Lindholme Classification Scheme | Vajrayana | Lindholme Hall Library | Lindholme Hall Library | General stacks | 23/03/2024 | 1 | 3 | 553.2 URG | 2405743 | 26/12/2025 | 28/08/2025 | 28/08/2025 | 23/03/2024 | Book | ||||
| Lindholme Classification Scheme | Vajrayana | Lindholme Hall Library | Lindholme Hall Library | General stacks | 23/03/2024 | 553.2 URG | 2405744 | 13/07/2024 | 23/03/2024 | Book | ||||||||
| Lindholme Classification Scheme | Vajrayana | Lindholme Hall Library | Lindholme Hall Library | General stacks | 23/03/2024 | 553.2 URG | 2405745 | 13/07/2024 | 23/03/2024 | Book | ||||||||
| Lindholme Classification Scheme | Vajrayana | Lindholme Hall Library | Lindholme Hall Library | General stacks | 23/03/2024 | 553.2 URG | 2405746 | 13/07/2024 | 23/03/2024 | Book | ||||||||
| Lindholme Classification Scheme | Vajrayana | Lindholme Hall Library | Lindholme Hall Library | General stacks | 23/03/2024 | 553.2 URG | 2405681 | 27/07/2024 | 23/03/2024 | Book |